| 000 | 01319nam a2200397 i 4500 | ||
|---|---|---|---|
| 001 | 22625 | ||
| 003 | KOSZ 005 | ||
| 005 | 20220608133849.0 | ||
| 008 | 990421s1984 pl a |001 0 pol | ||
| 015 | _aPB 1984/2848 | ||
| 020 | _a832041536X | ||
| 020 | _a8320405378 | ||
| 040 |
_aWA N _cWA N _dKOSZ 005/HR |
||
| 041 | 0 | _apol | |
| 046 | _k1984 | ||
| 080 | _a681.5 | ||
| 080 | _a004 | ||
| 100 | 1 |
_aNiederliński, Antoni _d(1937-2018) _eAutor |
|
| 245 | 1 | 0 |
_aSystemy komputerowe automatyki przemysłowej. _nT. 1, _pSprzęt i oprogramowanie / _cAntoni Niederliński. |
| 250 | _aWyd. 2 zm. | ||
| 260 |
_aWarszawa : _bWydawnictwa Naukowo-Techniczne, _c1984. |
||
| 300 |
_a392 s. : _brys., wykr. ; _c24 cm. |
||
| 380 | _aKsiążki | ||
| 388 | _a1901-2000 | ||
| 388 | _a1945-1989 | ||
| 500 | _aWyd. 1 pt.: Systemy cyfrowe automatyki przemysłowej. | ||
| 504 | _aBibliogr. s. 383-388. - Indeks. | ||
| 650 | 4 | _aAutomatyka | |
| 650 | 4 | _aUkład cyfrowy | |
| 650 | 4 | _aProgramowanie (informatyka) | |
| 658 | _aInżynieria i technika | ||
| 658 | _aInformatyka i technologie informacyjne | ||
| 710 | 2 |
_aWydawnictwa Naukowo-Techniczne _4pbl. |
|
| 856 |
_uhttp://koha.tu.koszalin.pl/cgi-bin/koha/opac-detail.pl?biblionumber=22625 _yKatalog online BPK |
||
| 942 |
_2UKD _cKS |
||
| 999 |
_c22625 _d22625 |
||